000 00561nam a2200193Ia 4500
008 131103s9999 xx 000 0 und d
020 _a8173810052
_cRs.40
040 _aLoreto College
041 _aEnglish
082 _a370.954/PUR
_bLCLIB/
100 _aPurkait,Biswa Ranjan
245 _aMilestones in ancient and medieval
_cBiswa Ranjan Purkait
260 _aCalcutta
_bNew Central Book Agency
_c1994
300 _a154 p.
_c 22 cm.
504 _aIncludes bibliographical references
650 _aIndian - Education
850 _aLCLIB
942 _cBK
999 _c10963
_d61442